000 00474nam a2200181Ia 4500
001 13660
005 20260306164817.0
008 260306t1997||||xx |||||||||||||| ||spa||
041 _aESP
082 _a005.11
_bV36
100 _aVásquez Paragulla, Julio
_eAUT
245 0 _aDiseño de programación:
_b200 algoritmos y un proyecto de aplicación
260 _c1997
300 _a665 páginas :
_c22 cm.
650 _aGEN
654 _aCCC
942 _cLIB
_dJUS
_fJUS
_2ddc
_n
999 _c13660
_d13660